|
|
|
|
| LEADER |
00000nas a2200000 i 4500 |
| 001 |
ssj0001078027 |
| 003 |
WaSeSS |
| 005 |
20200512172242.0 |
| 006 |
m d |
| 007 |
cr n |
| 008 |
140107c20119999enkt| p|s|||||| |0eng d |
| 022 |
|
|
|a 2042-6798
|l 2042-678X
|y 2042-678X
|
| 035 |
|
|
|a (WaSeSS)ssj0001078027
|
| 040 |
|
|
|a WaSeSS
|b eng
|c WaSeSS
|d WaSeSS
|
| 050 |
1 |
4 |
|a GV561
|
| 222 |
|
0 |
|a Sport, business and management
|b (Online)
|
| 245 |
0 |
0 |
|a Sport, business and management
|h [electronic resource].
|
| 260 |
|
|
|a Bingley, England :
|b Emerald Group Publishing,
|c 2011-
|
| 310 |
|
|
|a Three times a year
|
| 362 |
1 |
|
|a Began with Volume 1, Number 1 (2011).
|
| 506 |
|
|
|a License restrictions may limit access.
|
| 588 |
|
|
|a Description based on: Volume 1, Number 1 (2011); title from article pdf (ProQuest, viewed Jan. 7, 2014).
|
| 588 |
|
|
|a Latest issue consulted: Volume 3, Number 4 (2013) (viewed Jan. 7, 2014).
|
| 650 |
|
0 |
|a Sports
|x Economic aspects
|v Periodicals.
|
| 650 |
|
0 |
|a Sports
|x Management
|v Periodicals.
|
| 650 |
|
0 |
|a Sports administration
|v Periodicals.
|
| 655 |
|
0 |
|a Electronic journals.
|
| 776 |
0 |
8 |
|i Print version:
|t Sport, business and management
|x 2042-678X
|
| 856 |
4 |
0 |
|z Full text available from Research Library: 01/01/2011 to 1 year ago
|u https://search.proquest.com/publication/566319
|